|
|
|
|
| LEADER |
00000nab a2200000 ar4500 |
| 001 |
vtls008944224 |
| 003 |
SK-MaSNL |
| 005 |
20260303070935.0 |
| 008 |
070209c2006 xo mr|p|||||||000 b|slo |
| 015 |
|
|
|a SNBRB2007/02
|2 snkbucl
|
| 038 |
|
|
|a SNKBUCL
|
| 040 |
|
|
|a SNKBUCL
|b slo
|c SNKBUCL
|e AACR2
|
| 041 |
0 |
|
|a slo
|
| 044 |
|
|
|a xo
|c SK
|
| 080 |
|
|
|a 327.39:17
|2 1997
|
| 080 |
|
|
|a 17:327.39
|2 1997
|
| 100 |
1 |
|
|a Černušáková, Barbora,
|d 1976-
|4 aut
|9 16669
|
| 245 |
1 |
0 |
|a Provokatívna debata o globalizácii
|c Barbora Černušáková
|
| 600 |
1 |
7 |
|a Singer, Peter
|d 1946-
|t Jeden svet : etika globalizácie
|2 snkbucl
|9 1069010
|
| 650 |
0 |
7 |
|a globalizácia
|x etika globalizácie
|2 snkbucl
|9 1069011
|
| 740 |
0 |
2 |
|a Etika globalizácie
|
| 773 |
0 |
|
|t Knihy a spoločnosť
|g Tretí ročník, č. 11 (2006), s. 7
|x 1336-5584
|
| 852 |
|
|
|a SNK
|b KIS3GCP
|
| 999 |
|
|
|c 1757607
|d 1759537
|